Handbook of Energy Engineering / (Record no. 11769)
[ view plain ]
| 000 -LEADER | |
|---|---|
| fixed length control field | 01550cam a2200361 a 4500 |
| 001 - CONTROL NUMBER | |
| control field | 15243857 |
| 005 - DATE AND TIME OF LATEST TRANSACTION | |
| control field | 20080818085153.0 |
| 008 - FIXED-LENGTH DATA ELEMENTS--GENERAL INFORMATION | |
| fixed length control field | 080402s2008 gaua bf 001 0 eng |
| 010 ## - LIBRARY OF CONGRESS CONTROL NUMBER | |
| LC control number | 2008014969 |
| 020 ## - INTERNATIONAL STANDARD BOOK NUMBER | |
| International Standard Book Number | 0881735817 (Fairmont Press : alk. paper) |
| 020 ## - INTERNATIONAL STANDARD BOOK NUMBER | |
| International Standard Book Number | 9780881735819 (Fairmont Press : alk. paper) |
| 020 ## - INTERNATIONAL STANDARD BOOK NUMBER | |
| International Standard Book Number | 0881735825 (electronic) |
| 020 ## - INTERNATIONAL STANDARD BOOK NUMBER | |
| International Standard Book Number | 9780881735826 (electronic) |
| 020 ## - INTERNATIONAL STANDARD BOOK NUMBER | |
| International Standard Book Number | 1420087681 (Taylor & Francis Ltd. : alk. paper) |
| 020 ## - INTERNATIONAL STANDARD BOOK NUMBER | |
| International Standard Book Number | 9781420087680 (Taylor & Francis Ltd. : alk. paper) |
| 035 ## - SYSTEM CONTROL NUMBER | |
| System control number | (OCoLC)ocn220100963 |
| 035 ## - SYSTEM CONTROL NUMBER | |
| System control number | (OCoLC)220100963 |
| 040 ## - CATALOGING SOURCE | |
| Original cataloging agency | DLC |
| Transcribing agency | DLC |
| Modifying agency | BTCTA |
| -- | BAKER |
| -- | WE2 |
| -- | YDXCP |
| -- | C#P |
| -- | BWX |
| -- | DLC |
| 050 00 - LIBRARY OF CONGRESS CALL NUMBER | |
| Classification number | TJ163.235 |
| Item number | .T48 2008 |
| 082 00 - DEWEY DECIMAL CLASSIFICATION NUMBER | |
| Classification number | 621.042 |
| Edition number | 22 |
| Item number | THU |
| 100 1# - MAIN ENTRY--PERSONAL NAME | |
| Personal name | Thumann, Albert. |
| 9 (RLIN) | 5912 |
| 245 10 - TITLE STATEMENT | |
| Title | Handbook of Energy Engineering / |
| Statement of responsibility, etc | Albert Thumann, D. Paul Mehta. |
| 250 ## - EDITION STATEMENT | |
| Edition statement | 6th ed. |
| 260 ## - PUBLICATION, DISTRIBUTION, ETC. (IMPRINT) | |
| Place of publication, distribution, etc | Lilburn, GA : |
| Name of publisher, distributor, etc | Fairmont Press ; |
| Place of publication, distribution, etc | Boca Raton, FL : |
| Name of publisher, distributor, etc | CRC Press, |
| Date of publication, distribution, etc | c2008. |
| 300 ## - PHYSICAL DESCRIPTION | |
| Extent | vii, 460 p. : |
| Other physical details | ill. ; |
| Dimensions | 24 cm. |
| 504 ## - BIBLIOGRAPHY, ETC. NOTE | |
| Bibliography, etc | Includes bibliographical references (p. 457-458) and index. |
| 650 #0 - SUBJECT ADDED ENTRY--TOPICAL TERM | |
| Topical term or geographic name as entry element | Power resources |
| Form subdivision | Handbooks, manuals, etc. |
| 9 (RLIN) | 5913 |
| 650 #0 - SUBJECT ADDED ENTRY--TOPICAL TERM | |
| Topical term or geographic name as entry element | Power (Mechanics) |
| Form subdivision | Handbooks, manuals, etc. |
| 9 (RLIN) | 5914 |
| 700 1# - ADDED ENTRY--PERSONAL NAME | |
| Personal name | Mehta, D. Paul, |
| Dates associated with a name | 1940- |
| 9 (RLIN) | 5915 |
| 942 ## - ADDED ENTRY ELEMENTS (KOHA) | |
| Source of classification or shelving scheme | Dewey Decimal Classification |
| Item type | Reference (NB) |
| Withdrawn status | Item status | Source of classification or shelving scheme | Damaged status | Not for loan | Vendor | Home library | Current library | Shelving location | Date acquired | Source of acquisition | Cost, normal purchase price | Serial Enumeration / chronology | Total Checkouts | Full call number | Barcode | Date last seen | Koha item type |
|---|---|---|---|---|---|---|---|---|---|---|---|---|---|---|---|---|---|
| Dewey Decimal Classification | Alahram | Central Library | Central Library | Ground Floor | 08/06/2009 | 680.50 | 358 | 621.042 THU | 000016748 | 15/07/2025 | Reference (NB) |